000
00291nam a22001337a 4500
082
_a
823
_b
DIC/O
100
_a
DICKENS, CHARLES
245
_a
OLIVER TWIST
246
_a
OLIVER TWIST
_b
OLIVER TWIST
260
_a
NEW DELHI
_b
BOOK FORD
300
_a
105
650
_a
ENGLISH STORY
942
_c
BK
999
_c
8715
_d
8715